000 00498nam a2200169 4500
001 110031
003 ES-MaACL
005 20230906184950.0
007 t|
008 061121s1970 sp r ||||1| spa d
100 1 _aMoix, Terenci.
_981822
245 1 3 _aEl día que murió Marilyn /
_cTerenci Moix; traducción, José Miguel Velloso.
260 _aBarcelona :
_bLumen,
_c1970.
300 _a490 p. ;
_c19 cm.
700 1 _aVelloso, José Miguel.
_9113857
852 _aES-MaACL
_jC-40262
_bR.75528
999 _c110031
_d110031